000 00498nam a2200181Ia 4500
005 20250326125144.0
008 250326s9999 xx 000 0 und d
037 _aTextbook
040 _aFMSL
_beng
_cFMSL
041 _aeng
_2eng
084 _aX:97.2 M1;2
_qFMSL
100 _aNagaraju S
245 0 _aIndustrial relations system in India
_cNagaraju S
260 _aNew Delhi
_bNew Delhi, Chugh
_c1981
300 _a379p
942 _cTB
_hX:97.2 M1;2
999 _c1276781
_d1276781